=LDR 00000nam 2200000 4500 =001 INLIS000000000024735 =005 20210422100839 =035 ##$$a 0010-061300000024735 =008 210422################g##########0#ind## =041 ##$$a Ind =082 ##$$a 338.001 =090 ##$$a 338.001, Lin l =245 ##$$a Lingkungan : $b Sumberdaya alam dan kependudukan dalam pembangunan /$c Editor, Moh. Soerjani, Rofiq Ahmad, Rozy Munir =260 ##$$a Jakarta :$b Univesitas Indonesia,$c 1987 =300 ##$$a x, 283 hlm, : $b ilus. ; $c 22 x 15 cm. =650 #4$$a Lingkungan =850 ##$$a NBPNMAT =084 ##$$a 338.001 LIN l =700 #$$a Surjani, Moh. =700 #$$a Ahmad, Rofiq =990 ##$$a 10408588 =990 ##$$a 10408589 =990 ##$$a 07730773 =990 ##$$a 10408591 =990 ##$$a 10408588 =990 ##$$a 10408589 =990 ##$$a 1200401027 =990 ##$$a 10408591 =990 ##$$a 10408588 =990 ##$$a 10408589 =990 ##$$a 10281028 =990 ##$$a 10408590 =990 ##$$a 10408591 =990 ##$$a 10408588 =990 ##$$a 10408589